NBA trivia - Statistics

General Stats
  • This quiz has been taken 22 times
  • The average score is 15 of 30
Answer Stats
Question Answer % Correct
Who won MVP in 2019 Giannis Antentokoumpo
79%
Who is the all time blocks leader Hakeem Olajuwon
74%
Whos nickname is white chocolate Jason Williams
74%
Who won the finals in 2004 Pistons
74%
What college did Lonzo Ball attend UCLA
74%
How many 3s did Curry hit in his record-breaking year 402
68%
Who retired from the NBA at 22 to focus on Jesus AJ Griffin
68%
What college did VJ Edgecombe attend Baylor
68%
What college did Chet Holmgren attend Gonzaga
68%
What team was Jarrett Allen on before the Cavs Nets
68%
Who was Donavan Mitchell traded for Lauri Markannen
63%
Which of these teams did Joe Harris play for Nets
58%
Who was Immanuel Quickley traded for OG Anunoby
58%
What college did Kawhi Leonard attend San Diego State
58%
Who is the all time NBA leader in steals John Stockton
53%
Bub Carrington is a member of which team Wizards
53%
Who was the Pacers backup center for their 2025 playoff run Tony Bradley
47%
What college did Will Richard attend Florida
42%
Which team imfamously passed up on Stephen Curry twice Timberwolves
42%
What college did Klay Thompson attend Washington State
42%
Who was drafted first overall in 2013 Anthony Bennett
37%
Where did Tyrese Haliburton attend college Iowa State
37%
Who is known as the "Giannis stopper" Onyeka Okongwu
37%
Thomas Sorber was drafted by what team Thunder
37%
What team is Jamal Cain currently on Magic
32%
Which of these players is known as a 3 point sniper AJ Green
26%
What number does Kobe Sanders wear 4
21%
Which of these players played for the Spurs Josh Primo
21%
What team drafted Amir Coffey undrafted
21%
Who won the 2021 nba dunk contest Anfernee Simons
16%
No matching quizzes found
Score Distribution
Percent of People with Each Score
Percentile by Number Answered
Your Score History
You have not taken this quiz